000 00382cam a2200145ua 4500
041 _aeng
_h
082 _a951
_bLIC/PO
100 _aLi Chien Nung, .
245 _aPolitical History of China, 1840-1928 /
_cLi Chien Nung.
_hTextual Documents
260 _aNewJersey :
_bD.Van Nostrand Company,Inc ,
_c1965.
300 _a545 ; .
504 _a
942 _cBK
999 _c693
_d693